الجانب الدينى للفلسفة : (Record no. 62535)
[ view plain ]
| 000 -الفاتح | |
|---|---|
| حقل البيانات ثابتة الطول | 01039nam a22002537a 4500 |
| 005 - وقت وتاريخ اخر تعامل مع التسجيلة | |
| رقم الضبط | 20240530110555.0 |
| 008 - عناصر البيانات ثابتة الطول - معلومات عامة | |
| حقل البيانات ثابتة الطول | 160223s2009 ua a g b 000 0 ara d |
| 017 ## - رقم الايداع القانونى | |
| رقم الايداع القانونى | 2009/9982 |
| المصدر ( الهيئة المختصة) | مصر . دار الكتب المصرية |
| 020 ## - الرقم الدولى المعيارى للكتب | |
| الرقم الدولى المعيارى للكتاب | 9789774792174 |
| 040 ## - مصدر الفهرسة | |
| وكالة الفهرسة الأصلية | EG-CaGPL |
| 082 04 - رقم تصنيف ديوى العشرى | |
| رقم الطبعة | 21 |
| رقم التصنيف | 141\ |
| رقم المادة | ر ج |
| 100 1# - المدخل الرئيسى - إسم شخصى | |
| الإسم الشخصى | رويس ، جوزايا . |
| 245 12 - بيان العنوان | |
| العنوان | الجانب الدينى للفلسفة : |
| بقية العنوان | نقد لاسس السلوك و الايمان / |
| بيان المسئوليه,etc | تاليف جوزايا رويس ؛ ترجمة احمد الانصارى ؛ مراجعة حسن حنفى . |
| 250 ## - بيان الطبعة | |
| بيان الطبعة | ط2. |
| 260 ## - PUBLICATION, DISTRIBUTION, ETC. (IMPRINT) | |
| تاريخ النشر أو التوزيع | 2009 . |
| 300 ## - الوصف المادى | |
| التعداد | 339 ص ؛ |
| أبعاد الوعاء | 24 سم . |
| 490 0# - بيان السلسلة | |
| عنوان السلسلة | المركز القومى للترجمة ، العدد 2/201 |
| 650 04 - المدخل الاضافى بالموضوع-مصطلح موضوعى | |
| مصطلح موضوعي | الفلسفة و الدين . |
| 650 04 - المدخل الاضافى بالموضوع-مصطلح موضوعى | |
| مصطلح موضوعي | المثالية . |
| 700 0# - المدخل الاضافى - اسم شخصى | |
| الإسم الشخصى | احمد الانصارى |
| الدور | مترجم . |
| 700 0# - المدخل الاضافى - اسم شخصى | |
| الإسم الشخصى | حسن حنفى |
| الدور | مراجع . |
| 942 ## - عناصر المدخل الإضافي( كوها) | |
| مصدر التصنيف او مخطط الترفيف | Dewey Decimal Classification |
| Koha [default] item type | كتاب |
| 260 ## - PUBLICATION, DISTRIBUTION, ETC. (IMPRINT) | |
| -- | القاهرة : |
| -- | المركز القومى للترجمة ، |
| حالة التراجع | حالة الفقد | حالة تلف | ليس للاعارة | المكان المؤقت | الموقع الحالى | تاريخ الاكتساب | اجمالي اﻻعارات | رقم الطلب | الباركود | تاريخ اخر مشاهدة | تاريخ تفعيل السعر | نوع وعاء كوها |
|---|---|---|---|---|---|---|---|---|---|---|---|---|
| مكتبة القاهرة الكبرى | مكتبة القاهرة الكبرى | 08/08/2016 | 141\ ر ج | 162298 | 08/08/2016 | 08/08/2016 | كتاب |

